Solvency II a Basel II: v čem si jsou podobné a čím se líší?
Lokálne odlišnosti v kapitálových požiadavkách smerníc Solvency II a Basel II. Rozsah rizík na ktoré sa smernice zameriavajú. Prínosy z diverzifikácie. Použitie plnohodnotných vlastných modelov pre stanovenie kapitálových požiadaviek.
Guardado en:
| Autor principal: | |
|---|---|
| Formato: | Capítulo de libro |
| Lenguaje: | checo |
| Materias: | |
| Etiquetas: |
Sin Etiquetas, Sea el primero en etiquetar este registro!
|
MARC
| LEADER | 00000naa$a2200000$$$4500 | ||
|---|---|---|---|
| 001 | 0055718 | ||
| 005 | 20231010094323.1 | ||
| 041 | 0 | |a cze | |
| 044 | |a CZ | ||
| 245 | 1 | 0 | |a Solvency II a Basel II: v čem si jsou podobné a čím se líší? |c Imrich Lozsi |
| 520 | |a Lokálne odlišnosti v kapitálových požiadavkách smerníc Solvency II a Basel II. Rozsah rizík na ktoré sa smernice zameriavajú. Prínosy z diverzifikácie. Použitie plnohodnotných vlastných modelov pre stanovenie kapitálových požiadaviek. | ||
| 610 | 2 | 0 | |a banky |
| 610 | 2 | 0 | |a poisťovne |
| 610 | 2 | 0 | |a smernice |
| 610 | 2 | 0 | |a riziko |
| 610 | 2 | 0 | |a diverzifikácia |
| 610 | 2 | 0 | |a modely |
| 610 | 2 | 0 | |a Solvency II |
| 610 | 2 | 0 | |a Basel II |
| 100 | 1 | |a Lozsi, Imrich | |